Negative ions /

Bibliographic Details
Main Author: Smirnov, B. M. (Boris Mikhaĭlovich)
Other Authors: Massey, Harrie Stewart Wilson, Sir, 1908-1983
Format: Book
Language:English
Russian
Published: New York : McGraw-Hill, [1982]
Subjects:

MARC

Tag First Indicator Second Indicator Subfields
LEADER 00000pam a2200000 a 4500
001 in00000088895
005 20151008063315.0
008 800508s1982 nyua b 00110 engm
010 |a  80040135  
015 |a GB80 
020 |a 0070584478 :  |c 20.00 
035 |a (OCoLC)06357469 
035 |9 AAK1982AM 
040 |a DLC  |c DLC  |d m.c.  |d TXA  |d UtOrBLW 
041 1 |a eng  |a rus 
049 |a TXAM  |c [1672347] 
050 0 0 |a QC702.7.N4  |b S6413 
082 0 |a 530.4/3 
100 1 |a Smirnov, B. M.  |q (Boris Mikhaĭlovich) 
240 1 0 |a Otristatelnye iony.  |l English 
245 1 0 |a Negative ions /  |c B.M. Smirnov ; translated by S. Chomet ; edited by H.S.W. Massey. 
264 1 |a New York :  |b McGraw-Hill,  |c [1982] 
264 4 |c ©1982 
300 |a x, 170 pages :  |b illustrations ;  |c 24 cm. 
336 |a text  |b txt  |2 rdacontent 
337 |a unmediated  |b n  |2 rdamedia 
338 |a volume  |b nc  |2 rdacarrier 
500 |a Translation of: Otristatelnye iony. 
500 |a "Advanced book program." 
504 |a Includes bibliographical references and index. 
650 0 |a Anions. 
700 1 |a Massey, Harrie Stewart Wilson,  |c Sir,  |d 1908-1983. 
999 |a MARS 
999 f f |s 6dc8c546-52af-3887-89de-20a0841d1a96  |i b3e4a564-8523-3871-aac5-7aaed864a21b  |t 0 
952 f f |p normal  |a Texas A&M University  |b College Station  |c Sterling C. Evans Library  |d Evans: Library Stacks  |t 0  |e QC702.7.N4 S6413  |h Library of Congress classification  |i unmediated -- volume  |m A14806209104 
998 f f |a QC702.7.N4 S6413  |t 0  |l Evans: Library Stacks